Market centers and retail location: theory and applications (Record no. 50365)

MARC details
000 -LEADER
fixed length control field 00889nam a2200205 a 4500
008 - FIXED-LENGTH DATA ELEMENTS--GENERAL INFORMATION
fixed length control field 120416s1988 ||||||||||||||||| || u
020 ## - INTERNATIONAL STANDARD BOOK NUMBER
International Standard Book Number 0135561841
050 ## - LIBRARY OF CONGRESS CALL NUMBER
Classification number HF 5430.3 Ber
100 ## - MAIN ENTRY--PERSONAL NAME
Personal name Berry, Brian Joe Lobley, 1934-
245 10 - TITLE STATEMENT
Title Market centers and retail location: theory and applications
260 ## - PUBLICATION, DISTRIBUTION, ETC.
Place of publication, distribution, etc. Englewood Cliffs N.J.:
Name of publisher, distributor, etc. Prentice Hall
Date of publication, distribution, etc. 1988
300 ## - PHYSICAL DESCRIPTION
Extent x, 230p. : ill.
350 ## - PRICE (NR) (BK AM CF MU VM SE) [OBSOLETE]
Price 0.00
500 ## - GENERAL NOTE
General note Rev. ed. of: Geography of market centers and retail distribution. 1967. -Includes bibliographies and index.
650 ## - SUBJECT ADDED ENTRY--TOPICAL TERM
Topical term or geographic name entry element CENTRAL BUSINESS--DISTRICTS--UNITED STATES OF AMERICA
650 ## - SUBJECT ADDED ENTRY--TOPICAL TERM
Topical term or geographic name entry element SHOPPING CENTERS--UNITED STATES--LOCATION
650 ## - SUBJECT ADDED ENTRY--TOPICAL TERM
Topical term or geographic name entry element STORE LOCATION--UNITED STATES
700 ## - ADDED ENTRY--PERSONAL NAME
Personal name Parr, John B
995 ## - RECOMMENDATION 995 [LOCAL, UNIMARC FRANCE]
-- 0.00
-- CBU-MAIN LIBRARY (Kitwe)
-- 1
-- 0.00
-- AVAILABLE
-- Main Library Open Access Collection
Holdings
Withdrawn status Lost status Source of classification or shelving scheme Damaged status Not for loan Home library Current library Shelving location Date acquired Total Checkouts Full call number Barcode Date last seen Price effective from Koha item type
          CBU-MAIN LIBRARY, KITWE. CBU-MAIN LIBRARY, KITWE.   11/30/2022   HF 5430.3 Ber 004939 11/30/2022 11/30/2022 MONOGRAPH